01440cam a22003258a 450000100090000000300040000900500170001300800410003001000170007102000180008803500200010604000180012604200080014406000110015208200190016310000290018224500610021125000610027226000340033326300090036730000240037649000170040050400510041750501970046852003190066565000220098465000290100670000610103583000180109617140072OSt20150408114220.0120118s2013 stk f b 001 0 eng  a 2012002197 a9780723436201 a(DNLM)101576470 aDNLM/DLCcDLC apcc10aWJ 14000a612.32 GMG2231 aGriffiths, Megan d1987-10aGastrointestinal system /cMegan Griffiths; Rusheng Chew a4th ed. /bTimothy Jones ; faculty advisor Kevin Harris. aEdinburgh :bElsevier,c2013. a1207 ax, 203 p. ;c26 cm.1 aCrash course aIncludes bibliographical references and index. aThe upper gastrointestinal tract -- The stomach -- The small intestine -- The large intestine -- The liver -- The pancreas and biliary tract -- Clinical assessment of gastrointestinal disease. aNow celebrating over 10 years of success - Crash Course has been specially devised to help you get through your exams with ease. This book features the 'Hints and Tips' boxes as well as other useful aide-memoires. It contains an assessment section which allows you to test your knowledge and hone your exam skills.12aDigestive System.22aGastrointestinal system.1 aChew, Rusheng q(Robert H.).tRenal and urinary systems. 0aCrash course.